000 00315nam a22001217a 4500
008 230607b xxu||||| |||| 00| 0 eng d
082 _a920.092
_bAMA
100 _cAndrei Amalrik
245 _aWill the Soviet Union Survive Until 1984?
260 _aNew York
_bHarper & Row
_c1970
300 _aXII,93p
942 _2ddc
_cBK
999 _c818
_d818